Basic statistics for business and economics (Record no. 84580)

MARC details
000 -LEADER
fixed length control field 00668nam a2200157 a 4500
008 - FIXED-LENGTH DATA ELEMENTS--GENERAL INFORMATION
fixed length control field 120416s1979 ||||||||||||||||| || u
020 ## - INTERNATIONAL STANDARD BOOK NUMBER
International Standard Book Number 0700334455
050 ## - LIBRARY OF CONGRESS CALL NUMBER
Classification number HA 29 Kaz
100 ## - MAIN ENTRY--PERSONAL NAME
Personal name Kazmier, Leonard J
245 10 - TITLE STATEMENT
Title Basic statistics for business and economics
260 ## - PUBLICATION, DISTRIBUTION, ETC.
Place of publication, distribution, etc. New York
Name of publisher, distributor, etc. McGraw-Hill
Date of publication, distribution, etc. 1979
300 ## - PHYSICAL DESCRIPTION
Extent xiv, 457p. : ill.
350 ## -
-- 0.00
995 ## -
-- MAIN LIBRARY OPEN ACCESS
-- 0.00
-- 709475
-- CBU-MAIN LIBRARY (Kitwe)
-- 1
-- 16.95
-- HA 29 Kaz
-- 1
-- AVAILABLE
-- 000196
-- Main Library Open Access Collection
995 ## -
-- BINDERY (DAMAGED)
-- 0.00
-- 709476
-- CBU-MAIN LIBRARY (Kitwe)
-- 2
-- 16.95
-- HA 29 Kaz
-- 2
-- DAMAGED
-- 000197
-- Main Library Open Access Collection
999 ## -
-- 84580
-- 84580

No items available.